Linguistic minorities in Western Europe

Αποθηκεύτηκε σε:
Λεπτομέρειες βιβλιογραφικής εγγραφής
Κύριος συγγραφέας: Stephens, Meic
Μορφή: Βιβλίο
Γλώσσα:English
Δημοσίευση: Gomer Press, 1976
Θέματα:
Ετικέτες: Προσθήκη ετικέτας
Δεν υπάρχουν, Καταχωρήστε ετικέτα πρώτοι!

MARC

LEADER 00000nam a2200000 i 4500
001 1/7537
008 960904s1976 eng d
020 |a 085088-362-8 
035 |l 10016739 
040 |a GR-MY-UA  |b gre  |e aacr 
041 0 |a eng 
082 0 |a 400.94 
100 1 |a Stephens, Meic. 
245 1 0 |a Linguistic minorities in Western Europe /  |c Meic Stephens 
260 |b Gomer Press,   |c 1976 
300 |a 796 p.  |b map. 
504 |a Bibliography: 739-767p. Includes index 
650 0 0 |a Minorities  |z Europe. 
651 0 |a Europe  |x Languages. 
651 0 |a Europe  |x Languages  |x Political aspects. 
852 |a INST  |b LESVOS  |e 19960904  |h 400.94 STE  |p 005100009263  |q 005100009263  |t BK  |y 0 
909 |a Λ  |b 028759 
922 |a 1ΕΛΗ  |b 199307  |c ΠΠ/2140